000 01273nam0a22003371 4500
001 RU\NLR\A2V16\35663
005 20251203171251.9
035 _a(NLR Aleph) 009838722
090 _a10303960
_c10303960
100 _a20040408d1556 u y0rusy50 ca
101 1 _ager
_cheb
102 _aRU
200 1 _aSpiegel der hauβucht Iesus Syrach genand
_eSampt einer kurtzer Auslegung
_eFür die armen Hauβvätter, und jhr Gesinde, Wie sie ein Gottselig leben, gegen menigklichsollen erzeygen...
_fCaspar Huberinus
210 _aGedruckt zu Nürnberg
_cDurch Johan[n] vom Berg, und Ulrich Newber
_d1556
215 _a[312] л.
_d
317 _aВладельч. штамп: Bibliotheca C.P. Esterházy
_5ВГБИЛ
500 1 1 _aBiblia
_iV.T.
_iEcclesiasticus Iesu f. Syrach
620 _dNürnberg
702 1 _6z01790
_aHuberinus
_bK.
_f1500-1553
_gKaspar
_4730
702 1 _6z02790
_aVom Berg
_bJ.
_f-1563
_gJohann
_4610
702 1 _6z03790
_aNeuber
_bU.
_f-1571
_gUlrich
_4610
790 1 _6z01702
_aHuberinus
_gCaspar
_4730
790 1 _6z02702
_aBerg
_gIohann von
_4610
790 1 _6z03702
_aNewber
_gUlrich
_4610
801 0 _aRU
_bNLR
_c20040408
899 _aВГБИЛ
_jВГБИЛ
899 _aВГБИЛ
_jВГБИЛ
942 _cBOOK
980 _aNB
980 _ain16